| 000 | 00646nam a22001937a 4500 | ||
|---|---|---|---|
| 999 |
_c106802 _d106802 |
||
| 005 | 20200206153143.0 | ||
| 010 | _aA-213140 | ||
| 020 | _c50.00 | ||
| 035 | _aA-213140 | ||
| 037 | _bCen Lib/Ret | ||
| 082 | _a847.08 | ||
| 100 | _aعبد الغفور | ||
| 245 |
_aطنزی و مزہ کا تنقیدی جایزہ / _cعبد الغفور |
||
| 246 |
_aTanzi-O-Mizah Ka Tanqeed Jayezah / _bby Abdul Ghafoor |
||
| 260 |
_aنیی دہلی _bماڈرن پبلشنگ ہاؤس _c1983 ء |
||
| 270 |
_a9, گولہ مارکیٹ _bنیی دہلی _e110002 |
||
| 300 |
_a256p. _c21cm(Hb) |
||
| 942 |
_2ddc _cUR _h847.08 _mع ب د |
||